<?xml version="1.0" encoding="UTF-8"?>
<collection xmlns="http://www.loc.gov/MARC21/slim">
 <record>
  <leader>01484nam a2200169Ia 4500</leader>
  <controlfield tag="001">CTU_22553</controlfield>
  <controlfield tag="008">210402s9999    xx            000 0 und d</controlfield>
  <datafield tag="082" ind1=" " ind2=" ">
   <subfield code="a">346.597043</subfield>
  </datafield>
  <datafield tag="082" ind1=" " ind2=" ">
   <subfield code="b">H250</subfield>
  </datafield>
  <datafield tag="245" ind1=" " ind2="0">
   <subfield code="a">Hệ thống hóa các văn bản pháp quy về quy hoạch xây dựng nhà ở và đất đai (Văn bản mới nhất)</subfield>
  </datafield>
  <datafield tag="260" ind1=" " ind2=" ">
   <subfield code="a">Hà Nội</subfield>
  </datafield>
  <datafield tag="260" ind1=" " ind2=" ">
   <subfield code="b">Thống Kê</subfield>
  </datafield>
  <datafield tag="260" ind1=" " ind2=" ">
   <subfield code="c">1998</subfield>
  </datafield>
  <datafield tag="520" ind1=" " ind2=" ">
   <subfield code="a">Sách hướng dẫn và hệ thống hóa những quy định cụ thể trong các lĩnh vực: Quy hoạch xây dựng; quy hoạch đầu tư và xây dựng; quy hoạch về quản lý sử dụng, mua bán chuyển dịch nhà đất; thuê nhà và cho người nước ngoài thuê nhà; thuế nhà đất, lệ phí trước bạ; quản lý sử dụng đất đai; quyền và nghĩa vụ của người sử dụng đất; thủ tục giao đất, thuê đất, thu hồi đất; khung giá các loại đất, thuế chuyển quyền sử dụng đất, tiền sử dụng đất; đền bù thiệt hại khi nhà nước thu hồi đất; giải quyết tranh chấp và xử lý vi phạm về quản lý và sử dụng đất đai...</subfield>
  </datafield>
  <datafield tag="650" ind1=" " ind2=" ">
   <subfield code="a">Civil law,Housing,Land use</subfield>
  </datafield>
  <datafield tag="650" ind1=" " ind2=" ">
   <subfield code="x">Law and legislation,Law and legislation</subfield>
  </datafield>
  <datafield tag="980" ind1=" " ind2=" ">
   <subfield code="a">Trung tâm Học liệu Trường Đại học Cần Thơ</subfield>
  </datafield>
 </record>
</collection>
